[Event "Dyfed Open"]
[Site "Fishguard"]
[Date "2019.02.23"]
[Round "2.9"]
[White "Andrews, Norman G"]
[Black "Van Kemenade, Rudy"]
[Result "0-1"]
[WhiteElo "1605"]
[BlackElo "1944"]
[Annotator "kemen"]
[PlyCount "46"]
[EventDate "2019.??.??"]

{[%evp 0,46,26,27,75,52,83,71,62,62,68,56,56,-2,-2,-11,-7,-6,-4,-13,-26,-71,
-54,-119,-128,-122,-122,-138,-141,-224,-231,-262,-252,-358,-259,-259,-257,-602,
-647,-850,-871,-890,-898,-822,-876,-885,-885,-928,-864]} 1. Nf3 {avoiding the
Petroff} d6 2. d4 f5 3. g3 Nf6 4. Bg2 g6 5. Bg5 Bg7 6. Bxf6 {helps Bl to a
powerful B pair} Bxf6 7. c3 O-O 8. Nbd2 e5 (8... c6 9. O-O e5 10. dxe5 dxe5 11.
e3 (11. e4 Be6 12. Re1 f4 {Svoboda-Collins, Highlands op, Trebic 2014,1/2-1/2})
11... e4 12. Nd4 Qe7 13. Qb3+ Kg7 14. Rfd1 c5 15. Ne2 g5 {Milicevic-Pirs, HIT
op, Nova Gorica 2018,0-1}) 9. dxe5 dxe5 10. Nb3 (10. e4) 10... Qe7 (10... e4)
11. Qc2 e4 $17 12. Ng1 Nc6 13. O-O-O $2 {too risky as Bl is ready with all his
forces, while Wh is still 3 down on the other side} (13. Nh3 Be6 14. O-O {
preferable, though} Ne5 $19 {Stockfish10}) 13... a5 14. h4 a4 15. Nd2 (15. Nd4
Nxd4 16. cxd4 Be6 17. Kb1 (17. d5 Ra5 $19) 17... Qf7 18. a3 Ba2+ 19. Ka1 Bb3
$19 {Stockfish10}) 15... Be6 {Bl has 2 powerful Bs aimed at the K} 16. Kb1 Qf7
(16... b5 $19) (16... Ra6 $19 {are alternative strategies}) (16... a3 {
considered} 17. b3 Qg7 18. Rc1 (18. c4 Nb4 19. Qc1 Bb2) 18... Ra5 19. e3 Rc5
20. Ne2 Nb4 $19 {Stockfish10}) 17. a3 Na5 (17... b5) 18. Qc1 (18. Qxa4 Nc4 19.
Qb4 Be7 20. Qxb7 Nxb2 $19 {Stockfish10}) 18... Rfd8 19. Nh3 Ba2+ (19... Rxd2 {
alternative considered} 20. Qxd2 Ba2+ 21. Kc2 Qb3+ 22. Kc1 {looked not as clear
} Qb6 (22... Nc4 23. Qc2 Qb5 $19) 23. Qe3 Qb5 $19 {Stockfish10}) 20. Ka1 (20.
Kc2 Qb3+ 21. Nxb3 axb3#) 20... Rxd2 21. Qxd2 Nb3+ 22. Kxa2 Nxd2+ 23. Ka1 Nc4 (
23... Rd8 24. Bxe4 fxe4 25. Ng5 Qc4 26. Nxe4 Qxe4 {mating soon, Stockfish10})
0-1

[Event "Dyfed Open"]
[Site "Fishguard"]
[Date "2019.02.23"]
[Round "2.10"]
[White "Waterfield, John W"]
[Black "Orton, Paul"]
[Result "1-0"]
[WhiteElo "1935"]
[BlackElo "1596"]
[Annotator "kemen"]
[PlyCount "53"]
[EventDate "2019.??.??"]

{[%evp 0,53,37,21,68,21,15,2,14,28,75,58,90,38,107,61,65,71,59,64,67,60,81,70,
122,87,97,111,110,159,155,141,181,156,243,227,481,354,387,337,617,428,434,337,
750,267,345,380,375,288,330,363,437,433,484,486]} 1. e4 c5 2. c3 Nc6 (2... d5)
(2... Nf6 {main lines}) 3. d4 cxd4 4. cxd4 d6 (4... d5) (4... e6) 5. Nc3 Nf6 6.
h3 (6. Nf3 g6 {main}) 6... a6 (6... g6) 7. Nf3 e6 8. Bd3 Be7 9. O-O O-O 10. Re1
(10. Be3 {main}) 10... Qc7 (10... b5 {Cloud Engines} 11. e5 dxe5 12. dxe5 Nd7
13. Be4 Bb7 14. Qc2 h6 15. Be3 Qc7 16. Rac1 Rac8 17. a4 Ncxe5 18. Nxe5 Bxe4 19.
Qxe4 Qxe5 20. Qb7 Bd6 21. f4 Nc5 22. fxe5 Nxb7 23. exd6 {Von Hermann-Heinicke,
GER ch women Ottweiler 1997,1-0}) (10... e5 11. d5 Na7 12. Be3 b5 13. a3 Bd7
14. Qe2 Nc8 15. Rec1 Nb6 16. b3 {Schoen-Puls, Kurpfalz Seniors, Ludwigshafen
2002,1-0}) 11. Bg5 (11. Bf4 $18 {Cloud Engines}) 11... b5 (11... h6 {Fritz16 &
Stockfish10}) 12. Rc1 $18 (12. e5 $18) 12... Qd7 13. Nxb5 $18 (13. e5 $18 {
Stockfish10} dxe5 (13... Ne8 14. exd6 Nxd6 15. d5 Nd8 16. Bb1 Bb7 17. Qd3 g6
18. Ne5 Qe8 19. Bh6 $18) 14. dxe5 Ne8 15. Be4 Ra7 16. Bxc6 Qxc6 17. Ne4 Qa8 18.
Bxe7 Rxe7 19. Qd8 $18) 13... Bb7 (13... Nb4 {best- both Engines}) 14. Nc3 Rfe8
15. e5 (15. Bc2 {both Engines}) 15... Nd5 16. Bxe7 Ncxe7 (16... Qxe7 {is a
little better}) 17. Ne4 dxe5 (17... f5 18. Nxd6 Reb8 19. Bc4 $18 {Stockfish10})
18. Nxe5 Qd8 19. Nxf7 $1 (19. Nc5 Ng6 {to prevent the collapse of the K side}
20. Bxg6 hxg6 21. Nxb7 $18 {Stockfish10}) 19... Qd7 20. Ne5 (20. Nc5 Qc6 21.
Nxe6 $18 {Stockfish10}) 20... Qd8 21. Nf7 (21. Ng5 Nf6 22. Qh5 $1 Nf5 (22...
Nxh5 23. Bxh7+ Kf8 (23... Kh8 24. Nef7#) 24. Nxe6#) 23. Bxf5 exf5 24. Qf7+ Kh8
25. Rc7 $18 {Stockfish10}) 21... Qd7 22. Nfd6 (22. Nc5) 22... Rf8 23. Nxb7 Qxb7
24. b3 (24. Ng5 Nf6 25. Nxe6 Rfc8 26. Rxc8+ Rxc8 27. Nc5 Qa7 28. Qe2 $18 {
Stockfish10}) 24... Nf4 25. Bf1 Rad8 26. g3 Nfg6 27. Nc5 1-0

[Event "Dyfed Open"]
[Site "Fishguard"]
[Date "2019.02.23"]
[Round "2.11"]
[White "Pinch, David"]
[Black "May, Adam J"]
[Result "1/2-1/2"]
[WhiteElo "1634"]
[BlackElo "1906"]
[Annotator "kemen"]
[PlyCount "83"]
[EventDate "2019.??.??"]

{[%evp 0,83,58,28,28,30,24,27,27,29,25,7,12,15,14,6,27,4,5,-22,-22,-28,-25,-22,
-27,-16,7,-1,-3,-5,-4,-9,2,-1,2,10,10,11,12,22,38,0,29,0,28,6,18,17,12,27,18,
28,45,0,31,30,39,21,13,31,35,53,59,51,83,55,43,51,68,64,64,48,110,124,148,134,
157,157,173,167,176,0,0,0,0,0]} 1. d4 d5 2. Bf4 Nf6 3. e3 e6 4. Nf3 Bd6 (4...
c5 5. c3 Nc6 6. Nbd2 Bd7 7. Bd3 Be7 8. h3 Rc8 9. O-O cxd4 10. exd4 O-O 11. Re1
{Pinch-Horrell, S Wales Autumn Premier, Newport 2018,1/2-1/2}) 5. Bg3 O-O 6.
Bd3 b6 (6... c5 7. c3 b6 8. Nbd2 Re8 9. O-O Ba6 {Pinch- B Brewer, Dyfed Closed
2018,0-1}) 7. Nbd2 Ba6 (7... Bb7 {main}) 8. Qe2 (8. Bxa6) 8... Bxd3 9. Qxd3 c5
10. c3 Nc6 11. O-O (11. Ne5) 11... Rc8 $146 (11... Bxg3) 12. Rfe1 cxd4 13. exd4
Bxg3 14. hxg3 Qc7 15. Ne5 $11 Na5 16. g4 Nc4 17. Ndxc4 dxc4 18. Qe2 (18. Qh3 $5
) 18... Nd5 19. g3 (19. g5 $14 {Komodo12}) 19... b5 20. a3 a5 21. Rac1 Qb7 (
21... f6 22. Nf3 Rce8 $11 {Komodo12}) 22. f4 (22. g5) 22... Rfe8 23. g5 f6 24.
gxf6 gxf6 25. Ng4 Qg7 26. Kf2 Kh8 27. Ne3 Rg8 28. Rg1 Nxe3 29. Qxe3 Qg4 (29...
Rce8 $11 {Komodo12}) 30. Rce1 (30. Rh1 $14) 30... Rce8 31. Qe4 Qg6 32. Qc6 (32.
g4 Qxe4 33. Rxe4 $16 {Komodo12}) 32... Qf5 33. Re3 (33. Rh1) 33... Qd5 (33...
e5 34. Qe4 Qd7 35. dxe5 fxe5 36. f5 Qd2+ 37. Re2 Qg5 38. Re3 $14 {Komodo12})
34. Qxd5 exd5 35. Rge1 Rb8 (35... Rxe3 36. Rxe3 b4 37. axb4 axb4 38. Kf3 $14 {
Komodo12}) 36. Re6 $16 b4 37. axb4 axb4 38. Rxf6 bxc3 39. bxc3 Rb2+ 40. Re2 (
40. Kf3 Rd2 41. Re3 $16 {Komodo12}) 40... Rxe2+ 41. Kxe2 Rxg3 42. Kd2 $11
1/2-1/2

[Event "Dyfed Open"]
[Site "Fishguard"]
[Date "2019.02.23"]
[Round "2.12"]
[White "Fraser, Susanna"]
[Black "Haigh, Tony"]
[Result "1/2-1/2"]
[WhiteElo "1578"]
[BlackElo "1793"]
[Annotator "kemen"]
[PlyCount "50"]
[EventDate "2019.??.??"]

{[%evp 0,50,27,24,36,-22,44,56,46,42,84,69,67,69,69,17,40,18,19,17,25,-12,-2,4,
5,2,2,-7,2,-39,31,20,86,-3,10,-22,-17,-39,-36,-74,-65,-80,-58,-54,-106,-124,
-72,-72,-36,-34,-37,-39,5]} 1. d4 e6 2. c4 f5 3. Nf3 Bb4+ 4. Bd2 Qe7 5. g3 Nf6
6. Nc3 O-O 7. Bh3 $146 (7. Bg2 {62 games}) 7... b6 8. O-O Bb7 (8... Ba6 $5) 9.
Bg2 d6 10. Qc2 Bxc3 (10... a5 11. Rfe1 Nbd7 12. Rad1 Bxc3 13. Bxc3 Ne4 14. b3
Nxc3 15. Qxc3 Rae8 16. Nd2 Bxg2 17. Kxg2 e5 {Alliot-Malaniuk, Calvi Balagne op
2009,0-1 ( transpostion, Wh played 3 Bg5, and Bd2 a bit later}) (10... Nbd7 $11
{Cloud Engines}) 11. Bxc3 Nbd7 12. Rad1 Be4 (12... Ne4) 13. Qb3 c5 14. d5 e5 (
14... exd5 15. cxd5 Rac8 $11 {Komodo12}) 15. Bd2 (15. Bh3 Bxf3 16. exf3 g6 17.
Rfe1 $14 {Komodo12}) 15... h6 {slightly weakens the K side} (15... b5 $1 16.
Qxb5 (16. cxb5 Bxd5 $15) 16... Rab8 17. Qa4 Rxb2 18. Qxa7 Rfb8 19. Ng5 Bxg2 20.
Kxg2 Qe8 21. Rfe1 Ra8 22. Qc7 Rbxa2 $17 {Komodo12}) 16. Rfe1 (16. Nh4 $16 {
Komodo12} f4 17. Bxe4 Nxe4 18. Ng6 Qg5 19. Nxf8 Rxf8 20. Qc2 $16) 16... g5 17.
h3 (17. h4 $14) 17... Qh7 (17... f4) 18. Qc3 Rf7 19. Bf1 f4 $17 20. g4 Qg7 (
20... b5 $17) (20... Bg6 21. e3 e4 (21... Ne4 22. Qa3 Nxf2 (22... Raf8 $17) 23.
Kxf2 fxe3+ 24. Rxe3 (24. Bxe3 Be4 $19) 24... e4 25. Bc3 h5 $19) 22. Nh2 f3 23.
Qc2 h5 $19 {The Wh K position will be opened up, while the Wh pieces sit &
wait on the back rank}) 21. Bg2 h5 22. Nh2 hxg4 {this should wait untill Bl
can get more pieces into readiness- maybe even tripling on the h file.
Exchanging gives the Wh pieces a bit more space to play with.} 23. Nxg4 Bf5 24.
f3 Qh7 (24... Bxg4 25. fxg4 e4 26. Qc2 Qh6 27. Bc3 Re8 $17 {Komodo12}) 25. e4
Bg6 $11 (25... Bxg4 {Stockfish10 already sees this as winning} 26. hxg4 Kg7 27.
Re2 Rh8 28. Rf2 Nxg4 29. fxg4 Nf6 30. Qf3 Qh4 31. Qe2 (31. Kf1 Nxg4 $19 {
fork on h2, & Bl has 2 powerful pawns coming through}) 31... Nxg4 32. Rf3 Qh2+
33. Kf1 Nf6 34. Rf2 g4 $19 {Komodo12}) 1/2-1/2

[Event "Dyfed Open"]
[Site "Fishguard"]
[Date "2019.02.23"]
[Round "2.13"]
[White "Paffard, Mark"]
[Black "Hurn, Robert Aj"]
[Result "1/2-1/2"]
[WhiteElo "1731"]
[BlackElo "1632"]
[Annotator "kemen"]
[PlyCount "71"]
[EventDate "2019.??.??"]

{[%evp 0,71,79,31,47,36,31,20,27,9,19,14,18,-1,7,16,8,10,11,-15,-13,-16,-9,-22,
-5,-39,13,-6,3,1,27,3,24,27,27,27,36,23,36,-29,-31,-38,-26,-36,14,-9,24,-4,13,
-9,38,15,27,0,0,-14,0,0,26,3,4,4,10,2,1,-5,-3,4,16,42,31,35,42,35]} 1. e4 c5 2.
Nc3 Nc6 3. g3 g6 4. Bg2 Bg7 5. d3 d6 6. f4 e6 7. Nf3 Nge7 8. O-O O-O 9. Ne2 d5
(9... Rb8 10. c3 (10. a4 a6 11. h3 b5 12. axb5 axb5 13. g4 {Paffard-Leah,
Dyfed League 2019,1-0}) 10... b5 11. Bd2 {Paffard-IC Jones, Dyfed League 2019,
0-1}) (9... b6 10. c3 Ba6 11. Rf2 Rc8 12. g4 {Paffard-Williams, Dyfed League
2019,0-1}) 10. e5 (10. c3 b6 {main}) 10... Rb8 $146 (10... f6) (10... d4 {
main lines}) 11. c3 b6 12. g4 (12. Be3 f6 13. d4 $11 {Stockfish10}) 12... f5
13. h3 (13. g5 $5) 13... Ba6 14. Be3 Qc7 15. Re1 (15. Qd2 $16) 15... Rbd8 (
15... d4 16. cxd4 Nd5 17. Bd2 (17. Bf2 fxg4 18. hxg4 Nxf4 19. Nxf4 Rxf4 $19)
17... Bxd3 $15 {Stockfish10}) 16. Bf2 (16. d4 $16 {Stockfish10}) 16... Rde8 17.
Qd2 Qc8 18. Ng3 Rd8 (18... d4 19. c4 Bb7 20. g5 $11 {Stockfish10}) (18... fxg4
19. hxg4 Bxd3 20. Qxd3 Rxf4 21. g5 Ref8 22. Re2 $14 {Stockfish10}) 19. gxf5 (
19. d4) 19... Nxf5 20. Nxf5 Rxf5 21. h4 Bh6 (21... d4 22. c4 Rdf8 23. Bg3 h6
24. Re2 Bb7 25. Rf1 Ne7 $15 {Stockfish10}) 22. Ng5 Bxg5 23. hxg5 Ne7 (23... d4
$17) 24. d4 c4 (24... Rf7 25. Bh3 Rdf8 26. Be3 Nf5 27. Bxf5 Rxf5 28. Kg2 h6 29.
gxh6 Kh7 30. Rh1 g5 31. fxg5 Qe8 32. Rag1 Qg6 33. Rh4 $11 {Stockfish10- the Wh
Kside looks a bit draughty, but the K survives} Bd3 34. Kh2 c4 35. Qd1 Rf3 36.
Rg3 Rxe3 37. Rxe3 Rf2+ 38. Kg1 Qxg5+ 39. Qg4 Rf1+ 40. Kg2 Rg1+ 41. Kxg1 Qxe3+
42. Kg2 Be4+ 43. Kf1 Bd3+ 44. Kg2 $11 {Stockfish10}) 25. Bg3 (25. Bh3 Rf7 26.
Kg2 $14) 25... Rf7 26. Qe2 Nf5 27. Bh2 (27. Kf2 $14) 27... Qc7 (27... h6 28.
gxh6 Rh7 29. Bh3 Rxh6 30. Bxf5 gxf5 31. Bg3 Kf7 32. Kg2 Rdh8 33. Rh1 $11 {
Stockfish10}) 28. Bh3 Bc8 29. Bg4 Rdf8 30. Rf1 Qe7 31. Rf3 Bd7 32. Qc2 a5 33.
Rh3 Rg7 34. Kg2 Rgf7 35. Rh1 Rg7 36. a3 $11 {the pawn structure is locked, &
both sides have a bad B as a consequence} 1/2-1/2

[Event "Dyfed Open"]
[Site "Fishguard"]
[Date "2019.02.23"]
[Round "2.14"]
[White "Cooke, Mark"]
[Black "Van Kemenade, Julie"]
[Result "0-1"]
[WhiteElo "1368"]
[BlackElo "1704"]
[Annotator "kemen"]
[PlyCount "66"]
[EventDate "2019.??.??"]

{[%evp 0,63,36,36,89,68,92,87,67,56,64,46,43,-5,-8,-8,24,33,20,18,21,0,30,16,
28,10,36,-35,-35,-64,9,7,18,-85,-44,-84,-112,-157,-157,-213,-252,-218,-209,
-211,-229,-229,-223,-215,-212,-225,-204,-280,-248,-241,-176,-243,-185,-160,0,
-263,-256,-268,-268,-810,-305,-357]} 1. e4 d6 2. d4 Nf6 3. Nc3 c6 4. f4 Qa5 5.
Bd3 e5 6. dxe5 (6. Nf3 {main}) 6... dxe5 7. a3 {rare} (7. f5) (7. Nf3 {main
lines}) 7... exf4 {helps Wh develop} (7... Nbd7 {Stockfish10}) (7... Bc5 {
Stockfish10}) 8. Bxf4 Be6 (8... Bg4 9. Qc1 Nbd7 10. h3 Bh5 11. Nf3 Be7 12. O-O
O-O 13. Kh1 h6 (13... Bxf3 14. Rxf3 Ne5) 14. b4 Qd8 15. Ne2 (15. e5 $18) 15...
Nh7 16. g4 Bg6 17. Ng3 Ng5 18. Kg2 Ne6 19. Be3 b5 $11 {Schmeusser-Hartlaub,
Bayern Seniors, Schloss Schney 1998,1-0}) (8... Be7 {Stockfish10} 9. Nf3 Bg4)
9. Nf3 Nbd7 10. h3 Be7 11. Nd4 Nf8 (11... Ne5 $11 {Stockfish10}) 12. b4 (12.
O-O O-O-O 13. Nce2 Bd6 14. Bxd6 Rxd6 15. b4 Qb6 16. c3 Ng6 $11 {Stockfish10})
12... Qd8 13. Nxe6 Nxe6 $15 14. Be3 (14. Bh2 O-O $15) 14... Nd7 (14... Qc7) 15.
O-O Bf6 (15... Ne5 $15) 16. Qh5 (16. Qe1 Bh4 17. Bf2 Bxf2+ 18. Qxf2 Ne5 $15 19.
Bc4 Qe7 20. Bxe6 Qxe6 21. Ne2 O-O $11 {Stockfish10}) 16... Qe7 (16... O-O 17.
e5 g6 18. Qe2 Bxe5 19. Qe1 Qc7 $17 {Stockfish10}) (16... g6 17. Qf3 O-O 18. Bd2
Bg7 $17 {Stockfish10}) 17. e5 {otherwise the B on d3 is just a big pawn in the
way of his pieces- however} Bxe5 $19 18. Ne4 g6 $1 19. Qf3 f5 (19... Bxa1 20.
Rxa1 f5 {also}) 20. Nf2 Bxa1 21. Rxa1 Ne5 (21... Qf6 22. Re1 O-O-O 23. Bxa7
Rhe8 $19 {Stockfish10}) 22. Qe2 Nxd3 (22... O-O-O 23. Bxa7 Nf4 24. Qe3 Nd5 25.
Qd4 Rhe8 $19 {Stockfish10}) (22... O-O 23. Rf1 Rfe8 $19 {Stockfish10}) 23. Nxd3
Qf6 24. Re1 O-O 25. Nf2 Qf7 (25... Rfe8) 26. Nd3 Qf6 27. Bc1 Rfe8 28. Bb2 Qh4 (
28... Qf8 $19 {Stockfish10}) 29. Nf2 (29. Qe5 $11 Nd4 (29... Kf7 30. g3 Qd8 31.
Kf2 a5 32. Qc3 (32. Nc5 Nd4 33. Qxd4 Qxd4+ 34. Bxd4 Rxe1 35. Kxe1 axb4 36. axb4
b6 37. Nd3 b5 38. h4 $14) 32... Qd4+ 33. Qxd4 Nxd4 34. Rxe8 Rxe8 35. Bxd4 $16 {
Stockfish10}) 30. Qxd4 Rxe1+ 31. Nxe1 Qxe1+ 32. Kh2 Qe7 33. Qh8+ Kf7 34. Qxh7+
Ke8 35. Qxg6+ (35. Qg8+ Qf8 36. Qe6+ Qe7 37. Qg8+ Qf8 $11 (37... Kd7 38. Qxa8
Qd6+ 39. Kg1 Qd1+ 40. Kf2 Qxc2+ 41. Ke3 Qe4+ 42. Kf2 Qc2+ 43. Kg3 Qd3+ 44. Kh4
Qe4+ 45. Kg5 Qxg2+ 46. Kh6 Qxb2 47. Qxb7+ Kd6 48. Kxg6 Qxa3 49. Qb8+ Kd5 50. h4
$11 {Stockfish10})) 35... Qf7 36. Qh6 Rd8 37. Be5 $11 {Stockfish10}) 29... b5 (
29... Rad8 30. Qf1 Nf4 $19 {Stockfish10}) 30. Rd1 Nf4 31. Qd2 (31. Qf3 Ne2+ 32.
Kh2 (32. Kf1 Qc4) (32. Kh1 Re6 33. Rd7 Rae8 34. Rd3 f4 35. Kh2 h5 36. Nh1 (36.
Bd4 Qg3+ 37. Qxg3 fxg3+ 38. Rxg3 Nxd4 $19)) 32... Qf4+ 33. Qxf4 Nxf4 34. Bc1
Re2 (34... Nd5 35. Nd3 Re2 36. Bd2 Ne3 37. Bxe3 Rxe3 $19 {may be
simpler-Stockfish10}) 35. Bxf4 Rxf2 36. Bh6 Rxc2 37. Rd7 a5 $19) (31. Qf1 Ne2+
32. Kh2 Qf4+ 33. g3 Qxg3+ 34. Kh1 Nf4 $19 {Stockfish10}) 31... Rad8 (31... Qg5
32. Nd3 Re2 $19 {Stockfish10}) 32. Nd3 Re2 (32... Rxd3 33. cxd3 Re2) 33. Qc1 (
33. Qxf4 Qxf4 34. Nxf4 Rxd1+ $19) (33. Qc3 Rxg2+ (33... Nxh3+ $1 {Stockfish10
is quicker} 34. Kf1 (34. gxh3 Qg3+ 35. Kh1 Qg2#) (34. Kh2 Nf2+ 35. Kg1 Qh1#)
34... Rf2+ 35. Ke1 Qe4#) 34. Kf1 Rg1+ $1 {seen by a couple of kibitzers} 35.
Kxg1 Qg3+ 36. Kf1 Qg2+ 37. Ke1 Qe2#) 33... Rxd3 {mating} (33... Rxg2+ {also
mates, as does}) (33... Nxh3+ {both of these Stockfish10}) (33... Nxd3 {
is a slower mate as Wh can shed material.}) 0-1

[Event "Dyfed Open"]
[Site "Fishguard"]
[Date "2019.02.23"]
[Round "2.15"]
[White "Heap, Gerry"]
[Black "Parri, Deio"]
[Result "1-0"]
[WhiteElo "2095"]
[BlackElo "1659"]
[Annotator "kemen"]
[PlyCount "53"]
[EventDate "2019.??.??"]

{[%evp 0,53,72,12,17,-23,-9,-4,15,15,0,-9,1,-1,10,16,19,12,17,15,14,5,34,5,22,
17,36,23,18,15,9,6,29,-4,41,5,18,-13,88,87,74,46,57,59,64,60,75,37,24,12,14,0,
108,116,114,114]} 1. Nf3 d5 2. g3 Nf6 3. Bg2 e6 4. O-O Be7 5. c4 O-O 6. b3 Nbd7
7. Bb2 c6 8. Qc2 (8. d3 {main} Re8 9. Nbd2 b6 10. e4 dxe4 11. dxe4 Nf8 12. Qe2
Bb7 13. e5 N6d7 14. Ne4 Qc7 15. Rad1 Ng6 16. Nd6 $18 {Heap-Lawrence, Dyfed
Open 2016,1/2-1/2}) (8. d4 {Closed Catalan}) 8... b6 9. d3 Bb7 10. Nbd2 (10. e4
{main}) 10... Rc8 11. Rad1 Qc7 12. e4 dxe4 13. Nxe4 (13. dxe4 {main, keeps
more tension on}) 13... c5 14. Rfe1 Rfd8 (14... Rfe8 15. Bc3 Qb8 16. Qb2 Qa8
17. Qe2 Rcd8 18. Nfg5 (18. Nfd2 $11) 18... Nxe4 19. Nxe4 e5 (19... f5 20. Bh3
Bc6 $17 {Stockfish10}) 20. Bh3 $14 {Castellano-Paseka,Brno op 2011,1-0}) 15. h4
(15. Nxf6+ Bxf6 16. d4 cxd4 17. Bxd4 b5 18. Bxf6 Nxf6 19. Ne5 $11 {
Helmer-Dragomirescu,ROM ch tm, Olanesti 2013,1/2-1/2}) (15. Qe2 Nxe4 16. dxe4
Nb8 $11 {Stockfish10}) 15... Qb8 (15... Nxe4 16. dxe4 Bf6 $11 {Stockfish10})
16. Qe2 Re8 17. Bh3 Rcd8 (17... Nxe4 18. dxe4 Rcd8 $14 {Stockfish10}) (17... h6
$11 {Stockfish10}) 18. Neg5 Bxf3 $6 {gives up the B pair, though there should
be no targets for Wh's B on the long wh diagonal} (18... Bd6 $11) (18... Bf8
$11) 19. Nxf3 $16 h6 20. Ne5 (20. d4 $16) 20... Nxe5 21. Bxe5 Qb7 22. Bg2 Qc8
23. Qf3 $11 (23. Qb2 $14) 23... Nd7 (23... Rd7) (23... Nh7) 24. Bf4 Bf6 25. Qc6
Bd4 $2 (25... Nb8 26. Qxc8 Rxc8 27. Bb7 Rcd8 $11 {Stockfish10}) (25... Bc3 26.
Re2 e5 $11 {Stockfish10}) 26. Qxc8 Rxc8 27. Bb7 $16 (27. Bb7 Rcd8 28. Bc7 Nf6
29. Bxd8 Rxd8 30. Bf3 $16 {it will still take Wh a long time to win- the Rs
are blocked & Wh has lost control over the bl squares}) 1-0

[Event "Dyfed Open"]
[Site "Fishguard"]
[Date "2019.02.23"]
[Round "2.16"]
[White "Denham, Colin"]
[Black "Waddington, Mike P"]
[Result "0-1"]
[WhiteElo "1653"]
[BlackElo "2074"]
[Annotator "kemen"]
[PlyCount "148"]
[EventDate "2019.??.??"]

{[%evp 0,148,24,18,61,69,61,49,55,55,58,40,46,13,30,8,22,0,-16,0,1,-26,-32,-46,
-48,-78,-48,-56,-47,-118,-120,-118,-130,-134,-141,-157,-123,-134,-133,-137,
-124,-124,-113,-120,-140,-166,-151,-171,-169,-211,-220,-240,-212,-240,-234,
-240,-140,-137,-141,-141,-102,-117,-98,-166,-142,-177,-167,-174,-130,-130,-160,
-156,-108,-106,-132,-132,-115,-130,-142,-189,-201,-189,-198,-205,-70,-64,-83,
-85,-87,-147,-128,-180,-205,-204,-182,-330,-337,-344,-328,-387,-276,-283,-324,
-316,-316,-494,-527,-555,-594,-610,-701,-737,-810,-815,-796,-806,-801,-816,
-836,-866,-938,-963,-1099,-1099,-1325,-1569,-1589,-1773,-1589,-1589,-29947,
-29975,-28855,-29965,-29966,-29989,-29990,-29991,-29992,-29995,-29992,-29993,
-29990,-29991,-29992,-29993,-29994,-29995,-29996,-29997,-29998]} 1. Nf3 f5 2.
d4 Nf6 3. e3 g6 4. Be2 (4. Bd3) 4... Bg7 5. O-O O-O 6. Nbd2 (6. c4) 6... d6 7.
c3 Nc6 8. Qc2 e5 9. dxe5 dxe5 (9... Nxe5 10. Nxe5 dxe5 11. e4 Qe7 12. exf5 gxf5
13. Bc4+ Kh8 14. Re1 e4 {Gionfriddo-Delizia, ITA ICCF 2011,0-1}) 10. Qb3+ (10.
e4 f4 11. Ng5 Qe7 12. Bc4+ Kh8 13. Qb3 Na5 14. Qb5 Nxc4 15. Qxc4 h6 16. Ngf3 g5
{Frowein-Koch, Dortmund op 1987,0-1}) 10... Kh8 11. Rd1 Qe7 $15 12. Qc2 e4 13.
Nd4 Ne5 {more natural for Bl to keep K side attacking chances} (13... Nxd4 14.
cxd4 Be6 $15 {Komodo12}) 14. a4 c5 15. Nb5 Be6 16. b3 Rfd8 $19 (16... a6 17.
Na3 Rad8 $19) 17. Na3 Nd3 (17... Nd5) (17... Nfg4) 18. Bb2 Nxb2 (18... f4 19.
exf4 Nxf2 $19 {Komodo121}) 19. Qxb2 Nd5 20. Rac1 Bf6 (20... Nb4 $19 {Komodo12})
21. Bc4 Nb4 22. Be2 Nd3 $19 23. Bxd3 Rxd3 24. Nab1 Rad8 25. Qc2 Qd6 26. g3 Kg7
27. Kf1 f4 (27... h5 28. Kg2 (28. h4 f4) 28... h4 {Komodo12}) 28. exf4 Bg4 (
28... e3 29. fxe3 c4 30. b4 Bf5 31. Kf2 Qb6 32. Re1 Rxd2+ $19 {Komodo12}) (
28... Bh3+ 29. Kg1 Qd5 30. c4 Qd4 31. Re1 e3 32. Nf1 exf2+ 33. Qxf2 Qxf2+ 34.
Kxf2 Bd4+ 35. Ke2 Rxb3 $19 {Komodo12}) 29. Re1 Rxd2 (29... e3 $19 {Komodo121}
30. Rxe3 Bh3+ (30... Bf5) 31. Kg1 Qc6 32. Ne4 Rxe3 33. fxe3 Bf5 34. Nbd2 Re8
$19) 30. Nxd2 Qxd2 31. Qxe4 (31. Qxd2 Rxd2 32. Rxe4 Bh3+ 33. Ke1 Ra2 $17 {
Komodo12}) 31... Rd7 $17 32. Qc4 b6 33. a5 Bf3 34. axb6 axb6 35. b4 Rc7 (35...
cxb4 36. cxb4 Bb2 37. Rb1 Bd4 $19 {Komodo12}) 36. bxc5 Rxc5 37. Qe6 Rc6 38. Qe3
Qd5 39. Kg1 Bh1 $19 40. Kf1 Bg2+ (40... Qg2+ 41. Ke2 Qh3 42. Qd3 Be4 43. Qxe4
Re6 $19 {Komodo12}) 41. Kg1 Bh3 42. Qe4 Qxe4 43. Rxe4 Rxc3 $17 44. Rce1 Rb3 (
44... b5) 45. Rc1 b5 46. Ree1 b4 $19 47. Rb1 Rxb1 48. Rxb1 Bc3 49. f3 Bd4+ (
49... Bf5 {Komodo12- simplest}) 50. Kh1 Bc3 51. g4 h5 52. gxh5 gxh5 53. Kg1 Bf5
54. Rc1 Bd4+ 55. Kf1 b3 56. Rc7+ Kf8 57. Rb7 b2 58. Kg2 b1=Q 59. Rxb1 Bxb1 60.
Kg3 Kg7 61. Kh4 Kh6 62. Kg3 Kg6 63. Kg2 Kf5 64. Kg3 Bf6 65. h3 Be7 66. Kf2 Kxf4
67. Kg2 Bh4 68. Kh2 Kxf3 69. Kh1 Kg3 70. Kg1 Kxh3 71. Kh1 Kg3 72. Kg1 Bd3 73.
Kh1 Bg5 74. Kg1 Be3+ 0-1